10 Random Numbers 1-15 - Blind Ranking - Statistics

General Stats
  • This quiz has been taken 126 times
  • The average score is 6 of 10
Answers on the Map
Answers color-coded by a green-red scale on the quiz's map according to % correct below.
 
Answer Stats
Number % Correct
4
83%
13
72%
2
67%
1
65%
6
63%
9
63%
12
62%
15
61%
10
59%
14
53%
7
53%
11
50%
8
47%
3
45%
5
31%
No matching quizzes found
Score Distribution
Percent of People with Each Score
Percentile by Number Answered
Your Score History
You have not taken this quiz